000 00482nam a22001817a 4500
001 TVUNI
005 20260126014641.0
008 221102s2009 vm vie d
020 _c54000
040 _aTVUNI
_eAACR2
041 0 _avie
100 1 _aLê, Văn Khâm
245 1 0 _aGiáo trình Quản trị tài chính doanh nghiệp /
_cLê Văn Khâm
260 _aHà Nội :
_bTài Chính,
_c2009
300 _a445 tr. ;
_c24 cm.
942 _2ddc
_cBK
999 _c2348
_d2348
912 _a1
_bHiển Phạm